[Event "MNT-chT"]
[Site "Podgorica"]
[Date "2020.10.09"]
[Round "1.1"]
[White "Putnik, Perica"]
[Black "Mitrovic, Miroslav"]
[Result "0-1"]
[WhiteElo "1991"]
[BlackElo "1947"]
[PlyCount "86"]
[EventDate "2020.10.09"]
[EventType "team-tourn"]
[EventRounds "9"]
[EventCountry "MNE"]
[SourceTitle "CBM 198 Extra"]
[Source "ChessBase"]
[SourceDate "2020.11.30"]
[SourceVersion "1"]
[SourceVersionDate "2020.11.30"]
[SourceQuality "1"]
[WhiteTeam "7. Oktobar"]
[BlackTeam "Cetinje"]
[WhiteTeamCountry "MNE"]
[BlackTeamCountry "MNE"]

1. e4 e6 2. Nc3 d5 3. Nf3 dxe4 4. Nxe4 Nd7 5. Ng3 Ngf6 6. Bc4 Bd6 7. 0-0 0-0 8. d3 Ne5 9. Bb3 h6 10. Qe2 Nxf3+ 11. Qxf3 Rb8 12. Be3 b6 13. Qe2 Nd5 14. Bxd5 exd5 15. c3 Qh4 16. Rae1 Bg4 17. Qd2 Bd7 18. f4 Rfe8 19. Qf2 f5 20. Qf3 c6 21. b4 Qg4 22. Qf2 Re7 23. Bd2 Rbe8 24. Rxe7 Rxe7 25. h3 Qg6 26. Qf3 Qf7 27. a3 c5 28. Rf2 Bc6 29. c4 Bb7 30. Re2 g6 31. Rxe7 Bxe7 32. Qe2 Bd6 33. cxd5 Bxd5 34. Qe3 Bc6 35. h4 Qd5 36. Qe2 h5 37. Nf1 Kf7 38. Nh2 cxb4 39. axb4 Qd4+ 40. Be3 Qxb4 41. Qa2+ Kf6 42. Qg8 Bf8 43. Bd4+ Qxd4+ 0-1